000 00716nam a22002297a 4500
999 _c15081
_d15081
003 AR-CdUCM
008 190425b ||||| |||| 00| 0 spa d
020 _a978-84-9825-757-1
040 _aMUNICIPALIDAD PROVINCIAL DEL CUSCO
_cBIBLIOTECA MUNICIPAL DEL CUSCO
082 _aPI / 376.1 /
_bT75
110 _aCombel
_932671
245 _a¿Jugamos a ser maestras? /
260 _aBarcelona :
_bCombel editores,
_c2012.
300 _bilustraciones, graficos, piezas armables
_c35 cm.
500 _aTexto educativo armable para niños
650 _aTexto
_9816
650 _aArmable
_934067
650 _aEducativo
_927921
856 _fwww.combeleditorial.com
942 _2ddc
_cLIBROS
945 _apjha
_d2019-04-25